All-time Euro XI - Statistics

Statistiche generali
  • Questo quiz è stato fatto 53 volte
  • Il punteggio medio è 9 su 11
Statistiche sulle risposte
Ruolo Nazione Calciatore % Corretto
Portiere Italia Gianluigi Buffon
100%
Attaccante Portogallo Cristiano Ronaldo
93%
Centrocampista Italia Andrea Pirlo
88%
Centrocampista Spagna Andrés Iniesta
88%
Difensore Italia Paolo Maldini
76%
Centrocampista Francia Zinedine Zidane
76%
Difensore Spagna Carles Puyol
74%
Difensore Germania Franz Beckenbauer
74%
Attaccante Paesi Bassi Marco van Basten
71%
Attaccante Francia Thierry Henry
69%
Difensore Germania Philipp Lahm
67%
Nessun quiz corrispondente trovato
Distribuzione punteggi
Percentuale di utenti per punteggio
Percentile per numero di risposta
I tuoi punteggi nel tempo
Non hai fatto questo quiz